Jeppy nei loghi delle squadre di calcio #1 - Statistics

Statistiche generali
  • Questo quiz è stato fatto 61 volte
  • Il punteggio medio è 13 su 16
Statistiche sulle risposte
con Immagini Risposta % Corretto
Barcellona
100%
Roma
100%
Arsenal
98%
Atlético Madrid
94%
Benfica
94%
Liverpool
93%
Olympique Lione
93%
Ajax
91%
Beşiktaş
83%
RB Lipsia
81%
Rangers
78%
Copenaghen
67%
Newcastle United
63%
Orlando City
59%
New York City
54%
Panathinaikos
46%
Nessun quiz corrispondente trovato
Distribuzione punteggi
Percentuale di utenti per punteggio
Percentile per numero di risposta
I tuoi punteggi nel tempo
Non hai fatto questo quiz